000
00192 a2200097 4500
020
_a
9780892392261
041
_a
spa
100
_a
Ina Cumpiano
245
_a
Quinitos dias y noches
942
_c
BK
999
_c
12302
_d
12302